| 000 | 00466nam a2200145Ia 4500 | ||
|---|---|---|---|
| 003 | OSt | ||
| 005 | 20260121102551.0 | ||
| 008 | 211028s2014 xx 000 0 und d | ||
| 040 | _cAIMIT LIBRARY | ||
| 041 | _aeng | ||
| 100 |
_aPinto, Selma Rozita; Coth S J, Fr Kiran. _g1216118 _97230 |
||
| 245 | _aStudy on customer satisfaction and their preferences towards frontline automobilet (Chevrolet) / | ||
| 260 |
_aMangalore _bFr Kiran Coth S J _c2014 |
||
| 942 |
_2ddc _cPRO |
||
| 999 |
_c218800 _d218800 |
||